A brief history of the Presbyterians. (Record no. 14256)

000 -LEADER
fixed length control field 00699nam a2200205 a 4500
001 - CONTROL NUMBER
control field :::00012085$&:&@@
003 - CONTROL NUMBER IDENTIFIER
control field OkBaRHE
005 - DATE AND TIME OF LATEST TRANSACTION
control field 20100402121205.0
008 - FIXED-LENGTH DATA ELEMENTS--GENERAL INFORMATION
fixed length control field s1983 j 000 0 eng u
020 ## - INTERNATIONAL STANDARD BOOK NUMBER
International Standard Book Number 0664246222 (pbk.)
040 ## - CATALOGING SOURCE
Transcribing agency
100 1# - MAIN ENTRY--PERSONAL NAME
Personal name Loetscher, Lefferts Augustine, 1904-
245 12 - TITLE STATEMENT
Title A brief history of the Presbyterians.
250 ## - EDITION STATEMENT
Edition statement 4th ed.
Remainder of edition statement / with a new chapter by George Laird Hunt.
260 ## - PUBLICATION, DISTRIBUTION, ETC. (IMPRINT)
Place of publication, distribution, etc Philadelphia, PA., :
Name of publisher, distributor, etc Westminster Press
Date of publication, distribution, etc 1983
300 ## - PHYSICAL DESCRIPTION
Extent 224 p. ;
Dimensions 19 cm.
650 ## - SUBJECT ADDED ENTRY--TOPICAL TERM
Topical term or geographic name as entry element Presbyterian Church
General subdivision History
942 ## - ADDED ENTRY ELEMENTS (KOHA)
Source of classification or shelving scheme
Koha item type Books
Copies
Koha item type Damaged status Shelving location Date acquired Lost status Not for loan Copy number Barcode Full call number Price effective from Withdrawn status Permanent Location Source of classification or shelving scheme Date last seen
Books General Stacks2010-04-14  112085BX 8931.2 .L64 19832010-04-14 RHEMA Bible Training College 2010-04-14